5HLuxD.jpg

KING HENRY VIII SENIOR AND PRIMARY SCHOOL LIBRARY OPAC

Alone on a Wide Wide Sea / (Record no. 3734)

000 -LEADER
fixed length control field 00967nam a22002177a 4500
003 - CONTROL NUMBER IDENTIFIER
control field OSt
005 - DATE AND TIME OF LATEST TRANSACTION
control field 20241004095008.0
008 - FIXED-LENGTH DATA ELEMENTS--GENERAL INFORMATION
fixed length control field 241004b ||||| |||| 00| 0 eng d
020 ## - INTERNATIONAL STANDARD BOOK NUMBER
International Standard Book Number 9780008638733
040 ## - CATALOGING SOURCE
Transcribing agency KH8
082 ## - DEWEY DECIMAL CLASSIFICATION NUMBER
Classification number FIC MOR
100 ## - MAIN ENTRY--PERSONAL NAME
Personal name Morpurgo, Michael,
Relator term author.
245 ## - TITLE STATEMENT
Title Alone on a Wide Wide Sea /
Statement of responsibility, etc. Michael Morpurgo.
260 ## - PUBLICATION, DISTRIBUTION, ETC.
Place of publication, distribution, etc. London ;
Name of publisher, distributor, etc. HarperCollins Children's Book ,
Date of publication, distribution, etc. 2024.
300 ## - PHYSICAL DESCRIPTION
Extent 312 pages:
Other physical details illustrations (black and white), maps (black and white) :
Dimensions 20 cm.
520 ## - SUMMARY, ETC.
Summary, etc. ow far would you go to find yourself? When orphaned Arthur Hobhouse is shipped to Australia after WWII, he loses his sister, his country and everything he knows. The coming years test him to his limits, as he endures mistreatment, neglect & forced labour in the Australian outback. But Arthur is saved by his love of the sea
650 ## - SUBJECT ADDED ENTRY--TOPICAL TERM
Topical term or geographic name entry element Australia Juvenile fiction
650 ## - SUBJECT ADDED ENTRY--TOPICAL TERM
Topical term or geographic name entry element Children's stories
650 ## - SUBJECT ADDED ENTRY--TOPICAL TERM
Topical term or geographic name entry element General Stories
942 ## - ADDED ENTRY ELEMENTS (KOHA)
Source of classification or shelving scheme
Koha item type Books - Fiction
Holdings
Withdrawn status Lost status Source of classification or shelving scheme Damaged status Not for loan Collection code Permanent Location Current Location Shelving location Date acquired Total Checkouts Full call number Barcode Date last seen Date last checked out Price effective from Koha item type
          Fiction KH8 Senior School Library KH8 Senior School Library Fiction 2024-10-04 1 FIC MOR 3KHSL000102078 2026-01-28 2026-01-28 2024-10-04 Books - Fiction

Powered By KH8 IT Dept